| 000 | 00886cam a22002894a 4500 | ||
|---|---|---|---|
| 001 | 16334662 | ||
| 003 | OSt | ||
| 005 | 20230901113434.0 | ||
| 008 | 100715s2010 enka b 001 0 eng | ||
| 010 | _a 2010455281 | ||
| 020 | _a9789394701212 | ||
| 040 |
_aDLC _cDLC _dDLC |
||
| 042 | _apcc | ||
| 050 | 0 | 0 |
_aHG173 _b.P535 2010 |
| 082 | 0 | 0 |
_a332 _bPIL/F |
| 084 |
_a83.44 _2bcl |
||
| 100 | 1 |
_aPilbeam, Keith, _d1961- _99383 |
|
| 245 | 1 | 0 |
_aFinance & financial markets / _cKeith Pilbeam. |
| 246 | 3 | _aFinance and financial markets | |
| 250 | _a4th ed. | ||
| 260 |
_aBasingstoke, Hampshire ; _aNew York : _bPalgrave Macmillan, _c2018. |
||
| 300 |
_a502 p. : _bill. ; _c24 cm. |
||
| 504 | _aIncludes bibliographical references (p. 513-518) and index. | ||
| 650 | 0 | _aFinance. | |
| 650 | 0 | _aFinancial institutions. | |
| 942 |
_2ddc _cBK _h332 _iPIL/F _k332 _mPIL/F |
||
| 999 |
_c42036 _d42036 |
||